[Event "Budapest FS09 IM-A"]
[Site "Budapest"]
[Date "2006.09.03"]
[Round "2"]
[White "Strowsky, Yannick"]
[Black "Boe, Mads"]
[Result "0-1"]
[WhiteElo "2141"]
[BlackElo "2334"]
[PlyCount "78"]
[EventDate "2006.09.02"]
[EventType "tourn"]
[EventRounds "11"]
[EventCountry "HUN"]
[EventCategory "2"]
[SourceTitle "CBM 114 Extra"]
[Source "ChessBase"]
[SourceDate "2006.11.03"]
[SourceVersion "1"]
[SourceVersionDate "2006.11.03"]
[SourceQuality "1"]

1. e4 c6 2. d4 d5 3. e5 Bf5 4. Nc3 e6 5. Bd3 Bg6 6. Nge2 Nd7 7. 0-0 Ne7 8. Bg5 Qc7 9. f4 Bxd3 10. Qxd3 f6 11. Bh4 f5 12. g4 g6 13. Bf6 Nxf6 14. exf6 Nc8 15. Qe3 Kf7 16. g5 Nd6 17. Rae1 Re8 18. Ng3 Nc4 19. Qc1 Qb6 20. Nce2 Nxb2 21. Rf3 Nc4 22. Kg2 h5 23. h4 Qa6 24. Rb3 b6 25. Nf1 Bd6 26. Ne3 Na5 27. Rb1 Rc8 28. a4 Rhe8 29. Qd1 Qb7 30. Qd2 Qd7 31. Kg3 c5 32. c3 Qxa4 33. Ra1 Qd7 34. Rxa5 bxa5 35. c4 cxd4 36. Nxd4 e5 37. fxe5 Bxe5+ 38. Kf2 dxc4 39. Nexf5 Bxd4+ 0-1

[Event "FRA-chT2"]
[Site "France"]
[Date "2002.03.24"]
[Round "11"]
[White "Strowsky, Yannick"]
[Black "Montroig, Marco"]
[Result "1-0"]
[WhiteElo "2162"]
[BlackElo "2136"]
[PlyCount "111"]
[EventDate "2002.??.??"]
[EventType "team"]
[EventRounds "11"]
[EventCountry "FRA"]
[SourceTitle "EXT 2003"]
[Source "ChessBase"]
[SourceDate "2002.11.25"]
[SourceVersion "1"]
[SourceVersionDate "2002.11.25"]
[SourceQuality "1"]

1. e4 c5 2. Nf3 Nc6 3. d4 cxd4 4. Nxd4 Nf6 5. Nc3 e5 6. Ndb5 d6 7. Bg5 a6 8. Na3 b5 9. Bxf6 gxf6 10. Nd5 f5 11. Bxb5 axb5 12. Nxb5 Qa5+ 13. c3 Qa4 14. Nbc7+ Kd8 15. Nxa8 Qxa8 16. Nb6 Qb7 17. Nxc8 Kxc8 18. 0-0 Rg8 19. a4 fxe4 20. a5 e3 21. Qf3 Nxa5 22. Qh3+ Kb8 23. Rxa5 Bh6 24. Ra4 Qd5 25. Rb4+ Kc7 26. Ra1 exf2+ 27. Kxf2 Qd2+ 28. Kf1 Be3 29. Qf3 Qd3+ 30. Qe2 Qxe2+ 31. Kxe2 Bc5 32. Rh4 Rxg2+ 33. Kf3 Rxb2 34. Rxh7 Kc6 35. h4 f5 36. h5 Rc2 37. h6 Rxc3+ 38. Kg2 e4 39. Rd1 Be3 40. Rh8 Rc2+ 41. Kh3 Rf2 42. h7 Bf4 43. Rh1 Be5 44. Re8 Bf6 45. Kg3 Rf3+ 46. Kg2 Bd4 47. h8Q Bxh8 48. Rexh8 Kc5 49. Rc8+ Kd4 50. Rd1+ Rd3 51. Rxd3+ Kxd3 52. Rd8 Ke2 53. Rxd6 f4 54. Ra6 f3+ 55. Kg3 Ke1 56. Re6 1-0

[Event "Cannes op"]
[Site "Cannes"]
[Date "2000.02.26"]
[Round "7"]
[White "Strowsky, Yannick"]
[Black "Bonati, Charles"]
[Result "1-0"]
[WhiteElo "2169"]
[BlackElo "2079"]
[PlyCount "65"]
[EventDate "2000.02.20"]
[EventType "swiss"]
[EventRounds "9"]
[EventCountry "FRA"]
[SourceTitle "EXT 2001"]
[Source "ChessBase"]
[SourceDate "2000.11.22"]
[SourceVersion "1"]
[SourceVersionDate "2000.11.22"]
[SourceQuality "1"]

1. e4 c5 2. Nf3 e6 3. d4 cxd4 4. Nxd4 Nf6 5. Nc3 Nc6 6. Bg5 Qa5 7. Bxf6 gxf6 8. Ndb5 Bc5 9. Nd6+ Ke7 10. Nc4 Qc7 11. Qd2 a6 12. 0-0-0 b5 13. Ne3 Qa5 14. Kb1 Bd4 15. Ncd5+ exd5 16. Qxa5 Nxa5 17. Nxd5+ Kd6 18. Rxd4 Ke5 19. c3 Rb8 20. f4+ Ke6 21. g3 Bb7 22. Bh3+ Kd6 23. Nxf6+ Ke7 24. Nd5+ Bxd5 25. Rxd5 d6 26. e5 dxe5 27. Rxe5+ Kf6 28. Rd1 Rhd8 29. Red5 Re8 30. Rd6+ Kg7 31. b3 Re2 32. R1d2 Rbe8 33. Kc2 1-0

[Event "Cannes op"]
[Site "Cannes"]
[Date "2000.02.23"]
[Round "4"]
[White "Khalil, Vincent"]
[Black "Strowsky, Yannick"]
[Result "0-1"]
[WhiteElo "2072"]
[BlackElo "2169"]
[PlyCount "114"]
[EventDate "2000.02.20"]
[EventType "swiss"]
[EventRounds "9"]
[EventCountry "FRA"]
[SourceTitle "EXT 2001"]
[Source "ChessBase"]
[SourceDate "2000.11.22"]
[SourceVersion "1"]
[SourceVersionDate "2000.11.22"]
[SourceQuality "1"]

1. e4 d6 2. Nc3 g6 3. d3 Bg7 4. g3 c5 5. Bg2 Nc6 6. Be3 e5 7. Qd2 Be6 8. Nf3 h6 9. 0-0 Qd7 10. Ne2 Nf6 11. c3 Rc8 12. Ne1 Ng4 13. Nc2 Nxe3 14. Nxe3 0-0 15. f4 f5 16. exf5 gxf5 17. Nd5 Ne7 18. Nxe7+ Qxe7 19. a3 Rcd8 20. Rae1 Qf7 21. Qe3 b5 22. fxe5 dxe5 23. Qxc5 Rxd3 24. Rd1 Qd7 25. Bc6 Qd8 26. Rxd3 Qxd3 27. Bxb5 Qe4 28. Rd1 f4 29. Bd3 Qa4 30. Rf1 f3 31. Nc1 Qg4 32. Bc2 e4 33. Qe3 Bf5 34. Nb3 Be5 35. Rf2 Bg6 36. Nc5 Bf4 37. Bb3+ Kh7 38. Qd4 e3 39. Ne6 exf2+ 40. Kxf2 Bxg3+ 41. hxg3 Qxd4+ 42. Nxd4 Be4 43. Bd1 Rb8 44. b3 Rc8 45. Nb5 a6 46. Nd6 Rd8 47. Nxe4 Rxd1 48. Kxf3 a5 49. a4 Kg6 50. Kf4 Rb1 51. Nd2 Rb2 52. Ke3 Kf5 53. Kd3 Ra2 54. Nc4 Kg4 55. Ne5+ Kxg3 56. c4 Rb2 57. Kc3 Re2 0-1

[Event "Paris Apsap op"]
[Site "Paris"]
[Date "1993.??.??"]
[Round "5"]
[White "Lacrosse, Marc"]
[Black "Strowsky, Yannick"]
[Result "1-0"]
[WhiteElo "2250"]
[BlackElo "2160"]
[PlyCount "79"]
[EventDate "1993.09.??"]
[EventType "swiss"]
[EventRounds "9"]
[EventCountry "FRA"]
[SourceTitle "EXT 1998"]
[Source "ChessBase"]
[SourceDate "1997.11.17"]
[SourceVersion "1"]
[SourceVersionDate "1997.11.17"]
[SourceQuality "1"]

1. d4 Nf6 2. c4 g6 3. Nc3 Bg7 4. e4 d6 5. Nf3 0-0 6. Be2 e5 7. dxe5 dxe5 8. Qxd8 Rxd8 9. Bg5 Re8 10. Nd5 Nxd5 11. cxd5 c6 12. Bc4 cxd5 13. Bxd5 Na6 14. 0-0-0 Nc7 15. Bb3 Ne6 16. Be3 h6 17. Kb1 Nf4 18. Ba4 Bg4 19. Bxf4 Bxf3 20. gxf3 exf4 21. Bxe8 Rxe8 22. Rd7 g5 23. Rhd1 Rb8 24. Rd8+ Rxd8 25. Rxd8+ Kh7 26. Rd7 Kg6 27. Kc2 Kh5 28. Rxf7 Bd4 29. Kd3 Bxf2 30. Ke2 Bd4 31. Kf1 Bxb2 32. Rxb7 Bd4 33. Rd7 Bc5 34. Rg7 Bd4 35. e5 Bxe5 36. Rxa7 Bb2 37. a4 Kh4 38. Kg2 g4 39. a5 h5 40. Rd7 1-0

[Event "Belfort op"]
[Site "Belfort"]
[Date "1992.??.??"]
[Round "6"]
[White "Strowsky, Yannick"]
[Black "Beckemeier, Werner"]
[Result "1-0"]
[WhiteElo "2215"]
[BlackElo "2400"]
[PlyCount "39"]
[EventDate "1992.??.??"]
[EventType "swiss"]
[EventRounds "9"]
[EventCountry "FRA"]
[SourceTitle "EXT 1999"]
[Source "ChessBase"]
[SourceDate "1998.11.16"]
[SourceVersion "1"]
[SourceVersionDate "1998.11.16"]
[SourceQuality "1"]

1. e4 e5 2. f4 Qf6 3. Nf3 Qxf4 4. Nc3 Bb4 5. d3 Qf6 6. Be2 d6 7. 0-0 Qd8 8. Nd5 Bc5+ 9. d4 exd4 10. Nxd4 Ne7 11. Bg5 Nbc6 12. Bb5 Bxd4+ 13. Qxd4 0-0 14. Qf2 f6 15. Nxf6+ gxf6 16. Bxf6 Rxf6 17. Qxf6 Ne5 18. Bc4+ Nxc4 19. Qg5+ Kh8 20. Rf7 1-0